000 00539cam a2200157 4500500
005 20260322011140.0
041 _afre
042 _adc
100 1 0 _aGomart, Thomas
_eauthor
700 1 0 _aToranian, Valérie
_eauthor
245 0 0 _a« La guerre en Ukraine révèle aussi nos propres illusions »
260 _c2022.
500 _a50
786 0 _nRevue des deux Mondes | Mai-Jui | 4 | 2022-06-01 | p. 22-35 | 2266-4734
856 4 1 _uhttps://shs.cairn.info/revue-revue-des-deux-mondes-2022-4-page-22?lang=fr&redirect-ssocas=7080
999 _c1762564
_d1762564